Statistics for Topological Map of the Provinces of Argentina

Click here to take the quiz!

General Stats

  • This quiz has been taken 39 times
  • The average score is 16 of 23

Answers on the Map

Answers color-coded by a green-red scale on the quiz's map according to % correct below.
 

Answer Stats

Answer% Correct
Santa Cruz
82%
Buenos Aires
79%
Ciudad de Buenos Aires
76%
Jujuy
76%
Corrientes
73%
Misiones
73%
Río Negro
73%
Salta
73%
Chubut
70%
Entre Ríos
70%
Formosa
70%
Neuquén
70%
La Pampa
67%
Mendoza
67%
Tucumán
67%
Chaco
64%
Santa Fe
64%
Córdoba
61%
La Rioja
61%
Santiago del Estero
61%
San Juan
58%
San Luis
58%
Catamarca
52%

Score Distribution

Percentile by Number Answered

Percent of People with Each Score

Your Score History

You have not taken this quiz